00517nam a22001577a 450000500170000000800410001702000150005804100130007308200130008610000480009924500880014725000190023526000470025430000340030165000240033520231122092829.0231122b |||||||| |||| 00| 0 eng d a0702133248 aEnglish  a342 VAN  aVan der Waldt, G and Helmbold, R lEnglish  aThe Constitution and a New Public Administration /cG Van der Waldt and R Helmbold  aFirst Edition  aCape Town : bJuta and Company Ltd, c1995 bxxiii, 195 pages ; c25,5 cm. aLegal practicebLaw